|
|
|
|
| LEADER |
00000nam0a2200000 4500 |
| 001 |
312625 |
| 005 |
20231101013640.0 |
| 035 |
|
|
|a (RuTPU)RU\TPU\book\337994
|
| 090 |
|
|
|a 312625
|
| 100 |
|
|
|a 20151225d1982 km y0rusy50 ca
|
| 101 |
0 |
|
|a rus
|
| 102 |
|
|
|a UA
|
| 105 |
|
|
|a a z 001zy
|
| 200 |
1 |
|
|a Математическое обеспечение проектирования вычислительных систем и сетей
|f В. В. Литвинов
|
| 210 |
|
|
|a Киев
|c Технiка
|d 1982
|
| 215 |
|
|
|a 176 с.
|c ил.
|
| 320 |
|
|
|a Библиогр.: с. 172-175
|
| 606 |
1 |
|
|a Вычислительные сети
|x Проектирование
|2 stltpush
|3 (RuTPU)RU\TPU\subj\4242
|
| 610 |
1 |
|
|a математическое обеспечение
|
| 610 |
1 |
|
|a вычислительные системы
|
| 610 |
1 |
|
|a информация
|
| 610 |
1 |
|
|a переработка
|
| 610 |
1 |
|
|a структурные представления
|
| 610 |
1 |
|
|a прикладные программы
|
| 610 |
1 |
|
|a пакеты программ
|
| 610 |
1 |
|
|a алгоритмическое обеспечение
|
| 610 |
1 |
|
|a системы моделирования
|
| 675 |
|
|
|a 681.324.001
|v 4
|
| 700 |
|
1 |
|a Литвинов
|b В. В.
|g Виталий Васильевич
|
| 801 |
|
1 |
|a RU
|b 63413507
|c 20151225
|
| 801 |
|
2 |
|a RU
|b 63413507
|c 20191112
|g RCR
|
| 942 |
|
|
|c BK
|